| 000 | 02212cam a2200409 a 4500 | ||
|---|---|---|---|
| 001 | 29666790 | ||
| 003 | OCoLC | ||
| 005 | 20181118171809.0 | ||
| 008 | 940121s1993 nyu j 000 0bspa d | ||
| 020 |
_a059047507X _qpaperback _c$4.95 |
||
| 020 |
_a9780590475075 _qpaperback |
||
| 040 |
_aSPP _beng _cSPP _dOCL _dDMP |
||
| 041 | 1 |
_aspa _heng |
|
| 090 |
_aE185.97.K5 _bM34517 1993 |
||
| 092 |
_a323.092 _bMar |
||
| 100 | 1 |
_aMarzollo, Jean. _0http://id.loc.gov/authorities/names/n79103878. |
|
| 240 | 1 | 0 |
_aHappy birthday, Martin Luther King. _lSpanish _0http://id.loc.gov/authorities/names/no98074662. |
| 245 | 1 | 0 |
_aFeliz cumpleanos, Martin Luther King / _cpor Jean Marzollo ; illustrado por J. Brian Pinkney ; traducio por Dr. Alberto Romo. |
| 260 |
_aNew York : _bScholastic Inc., _c1993. |
||
| 264 | 1 |
_aNew York : _bScholastic Inc., _c1993. |
|
| 300 |
_a32 unnumbered pages : _bcolor illustrations ; _c28 cm. |
||
| 336 |
_atext _btxt _2rdacontent. |
||
| 337 |
_aunmediated _bn _2rdamedia. |
||
| 338 |
_avolume _bnc _2rdacarrier. |
||
| 385 |
_nage _aChildren _2lcdgt. |
||
| 500 | _aTranslation of: Happy birthday, Martin Luther King. | ||
| 520 | _aAn introduction to a great civil rights leader. | ||
| 600 | 1 | 0 |
_aKing, Martin Luther, _cJr., _d1929-1968 _0http://id.loc.gov/authorities/names/n79084324 _vJuvenile literature. _0http://id.loc.gov/authorities/subjects/sh99001674. |
| 650 | 0 |
_aAfrican Americans _vBiography _vJuvenile literature. _0http://id.loc.gov/authorities/subjects/sh2007100203. |
|
| 650 | 0 |
_aCivil rights workers _zUnited States _vBiography _vJuvenile literature. _0http://id.loc.gov/authorities/subjects/sh2008101054. |
|
| 650 | 0 |
_aBaptists _zUnited States _xClergy _vBiography _vJuvenile literature. _0http://id.loc.gov/authorities/subjects/sh2007101891. |
|
| 650 | 0 |
_aCivil rights workers _0http://id.loc.gov/authorities/subjects/sh85026385 _vJuvenile literature. _0http://id.loc.gov/authorities/subjects/sh99001674. |
|
| 655 | 7 |
_aBiographies. _2lcgft _0http://id.loc.gov/authorities/genreForms/gf2014026049. |
|
| 655 | 7 |
_aLiterature. _2lcgft _0http://id.loc.gov/authorities/genreForms/gf2014026415. |
|
| 700 | 1 |
_aPinkney, J. Brian. _0http://id.loc.gov/authorities/names/n84181260. |
|
| 942 |
_cBK _2ddc |
||
| 999 |
_c21593 _d21593 |
||